| 000 | 00788nam a2200301Ia 4500 | ||
|---|---|---|---|
| 003 | OSt | ||
| 005 | 20220912151339.0 | ||
| 006 | a|||||r|||| 00| 0 | ||
| 007 | ta | ||
| 008 | 220909b |||||||| |||| 00| 0 eng d | ||
| 020 | _a0632053844 (pbk) | ||
| 024 | _a1285 | ||
| 037 | _cTextbook | ||
| 040 |
_aCSL _beng _cCSL |
||
| 041 | _aeng | ||
| 082 | _aE:3, P0;1 TE | ||
| 100 | _aFifield F.W. | ||
| 245 | 0 | _aPrinciples and practice of analyltical chemistry | |
| 250 | _a5 | ||
| 260 |
_aLondon _bBlackwell _c2000 |
||
| 300 |
_aix, 562p. _ccm. |
||
| 500 |
_aIndex 549-562p. _ccm. |
||
| 650 | _a Analytical chemistry | ||
| 650 | _aChemistry | ||
| 700 | _a Kealey D. | ||
| 942 |
_hE:3, P0;1 TE _cTB _2CC |
||
| 999 |
_c66597 _d66597 |
||